000
00333nam a2200145Ia 4500
008
230718s9999 xx 000 0 und d
041
_a
Eng.
082
_a
34607
_b
MCC-P
100
_a
McCormack, Gerard
245
0
_a
Propertay dains
260
_a
Pakistan
_b
Sweet & Morwell
_c
1387
300
_a
253
650
_a
Law
999
_c
26883
_d
26883